| 000 | 00994cam a2200289 i 4500 | ||
|---|---|---|---|
| 999 |
_c200454199 _d72411 |
||
| 003 | TR-AnTOB | ||
| 005 | 20230919131922.0 | ||
| 007 | ta | ||
| 008 | 130131s2015 tu a $r16901 $$$tutu 169tur u | ||
| 020 | _a9786054334 | ||
| 040 |
_aTR-AnTOB _beng _erda _cTR-AnTOB |
||
| 041 | 0 | _atur | |
| 044 | _ctu | ||
| 060 | 1 | _aWH 380 | |
| 096 |
_aWH 380 _bM685 2015 TıpFaK |
||
| 245 | 0 | 0 |
_aMiyelodisplastik sendrom : _btanı ve tedavi kılavuzu : (sürüm 1.03- Ekim-2015) / _cTürk Hematoloji Derneği. |
| 264 | 1 |
_aSıhhiye, Ankara : _bTürk Hematoloji Derneği, _c2015. |
|
| 300 |
_ax. 53 pages : _btables, illustrations ; _c20 cm |
||
| 336 |
_atext _btxt _2rdacontent |
||
| 337 |
_aunmediated _bn _2rdamedia |
||
| 338 |
_avolume _bnc _2rdacarrier |
||
| 653 | _aBone marrow | ||
| 653 | _aMyelodysplastic syndrome | ||
| 856 | _uhttps://www.thd.org.tr/thdData/userfiles/file/Myelodisplastik%20Sendrom%20Tan%C4%B1%20ve%20Tedavi%20K%C4%B1lavuzu.pdf | ||
| 942 |
_2NLM _cBK |
||